Marketing (Record no. 2673)

000 -LEADER
fixed length control field 00531nam a22002177a 4500
003 - CONTROL NUMBER IDENTIFIER
control field OSt
005 - DATE AND TIME OF LATEST TRANSACTION
control field 20210716071909.0
008 - FIXED-LENGTH DATA ELEMENTS--GENERAL INFORMATION
fixed length control field 210716b ||||| |||| 00| 0 eng d
020 ## - INTERNATIONAL STANDARD BOOK NUMBER
International Standard Book Number 9780070984929
020 ## - INTERNATIONAL STANDARD BOOK NUMBER
International Standard Book Number 0070984921
040 ## - CATALOGING SOURCE
Transcribing agency ALUPE UNIVERSITY
050 ## - LIBRARY OF CONGRESS CALL NUMBER
Classification number HF541
Item number .M369 2008
100 ## - MAIN ENTRY--PERSONAL NAME
Personal name Dhruv Grewal
245 ## - TITLE STATEMENT
Title Marketing
250 ## - EDITION STATEMENT
Edition statement Canadian
260 ## - PUBLICATION, DISTRIBUTION, ETC.
Place of publication, distribution, etc. Vancouver, B.C.
Name of publisher, distributor, etc. Langara College,
Date of publication, distribution, etc. 2010.
300 ## - PHYSICAL DESCRIPTION
Extent 538p
650 ## - SUBJECT ADDED ENTRY--TOPICAL TERM
Source of heading or term Marketing.
700 ## - ADDED ENTRY--PERSONAL NAME
Personal name Michael Levy
942 ## - ADDED ENTRY ELEMENTS (KOHA)
Source of classification or shelving scheme
Koha item type Book
Suppress in OPAC DO
Holdings
Withdrawn status Lost status Source of classification or shelving scheme Damaged status Not for loan Permanent Location Current Location Shelving location Date acquired Total Checkouts Full call number Barcode Date last seen Price effective from Koha item type Public note
          AU LIBRARY AU LIBRARY Open Shelf 16.07.2021   HF541 .M369 2008 28000195 16.07.2021 16.07.2021 Book DO

Powered by Koha